| 000 | 00876nam a2200241Ia 4500 | ||
|---|---|---|---|
| 001 | 17620 | ||
| 003 | GE_BSU | ||
| 008 | 181216s||||||||xx |||||||||||||| ||und|| | ||
| 020 | _aISBN 99928-74-0 | ||
| 040 | _cGE_BSU | ||
| 080 | _a821.353.1-94 | ||
| 100 | _aგიგინეიშვილი,ნონა | ||
| 245 | _aგაიღიმეთ, სიკეთე მოდის!.. ანუ ჩვენთან,ლანჩხუთში | ||
| 245 | _bვუძღვნი დედის, მარგალიტა კომახიძის ხსოვნას | ||
| 245 | _cრედ.:თამარ დოლიძე | ||
| 260 | _aთბილისი | ||
| 260 | _bმერიდიანი | ||
| 260 | _c1998 | ||
| 300 | _a223გვ.;20სმ | ||
| 300 | _eფოტოები | ||
| 653 | _aბიოგრაფიები | ||
| 942 | _cBK | ||
| 999 |
_c50669 _d50669 |
||